000 01062nam a22003137a 4500
001 BR2011007470
003 BR-BrBNA
005 20230928103709.0
007 ta
008 230509b bl.||||| |||| 00| 0 por d
040 _aBR-BrBNA
_bpor
_cBiblioteca Nacional de Agricultura
041 _a(Por)
072 _aL53; L02; L70
_b8520
090 _ 8520 BR2011007470
100 1 _aAgostinho, C.A.(coord.)
110 1 _aAcademia Brasileira de Estudos Técnicos em Ranicultura, Viçosa, MG (Brasil)
_915
111 1 _a1st. Internacional Meeting Frog Research Technology8. ENAR - Encontro Nacional de Ranicultura
_cViçosa, MG (Brazil)
_d3-8 Feb 1995
245 1 _aBiologia e manejo da reprodução de rãs; nutrição e alimentação de rãs; sanidade e manejo sanitário
260 3 _aViçosa, MG (Brasil):
_c1995.
300 _avp.
650 _a
650 _aREPRODUÇÃO ANIMAL
650 _aMANEJO
650 _aNUTRIÇÃO ANIMAL
650 _aVETERINÁRIA
650 _aDIAGNÓSTICO
909 _a202309
_bLucia
_c55
_dLucia Elande
942 _cBK
999 _c76211
_d76211